000 01487cam a22003737a 4500
003 CHAP
005 20220329141047.0
008 971013s1997 r 00010 d
010 _a62035
011 _a63007
035 _a67183
040 _cCHAP
082 _a333.0972
_bI58 S.L.P.
110 _aInstituto Nacional de Estadística, Geografía e Informática. México
_959304
245 0 _aDatos por ejido y comunidad agraria
_b: San Luis Potosí
260 _aAguascalientes, Ags. :
_bINEGI,
_c1997
300 _a420 p.
500 _aElaborado con información del XI Censo General de Población y Vivienda, 1990 y VII Censo Agropecuario, 1991
590 _aBATCH-UPD
_b10
_c20130110
_lUCH01
_h0027
590 _aBATCH-UPD
_b10
_c20130110
_lUCH01
_h1844
590 _aBATCH-UPD
_b10
_c20130409
_lUCH01
_h2009
590 _aBATCH-UPD
_b10
_c20130410
_lUCH01
_h1214
590 _aBATCH-UPD
_b10
_c20130914
_lUCH01
_h1332
590 _aCONVERSION
_b10
_c20130109
_lUCH01
_h1333
650 1 4 _aEjidos
_xSan Luis Potosí.
_936028
650 1 4 _aPoblación
_xEstadísticas
_zSan Luis Potosí.
_989396
650 1 4 _aPoblación
_zSan Luis Potosí.
_989436
650 1 4 _aSan Luis Potosí
_xCondiciones rurales.
_9101964
650 1 4 _aVivienda rural
_xSan Luis Potosí.
_9120185
901 _aBK
942 _cLIBRO
949 _a333.0972 I58 S.L.P.
_bBC
_cINEGI
_d33724000593711
_eINEGI
_fc.2
_h92874
_i67183
_kDonaciØn
_sb
949 _a333.0972 I58 S.L.P.
_bBC
_cINEGI
_d33724000626834
_eINEGI
_h91547
_i67183
_si
999 _c62035
_d62035